LEADER 01182nam--2200361---450- 001 990005799810203316 005 20130123142158.0 035 $a000579981 035 $aUSA01000579981 035 $a(ALEPH)000579981USA01 035 $a000579981 100 $a20130123d2002----km-y0itay50------ba 101 $aita 102 $aIT 105 $a||||||||001yy 200 1 $a<> famiglia e il fisco$eil matrimonio, i figli, il regime patrimoniale$ela separazione e il divorzio$ei congedi parentali e le colf$ei redditi e le agevolazioni$fa cura di Francesca Padula 210 $aMilano$cIl sole 24 ore$d2002 215 $a63 p.$d19 cm 225 2 $aGuida famiglia 2002$v1 300 $aSupplemento a: Il Sole 24 ore 410 0$aGuida famiglia 2002$v1 606 0 $aFamiglie$xGuide pratiche$2BNCF 676 $a643.12 702 1$aPADULA ,$bFrancesca 801 0$aIT$bsalbc$gISBD 912 $a990005799810203316 951 $aXXXII.MISC. 103$b20520 E.C.$cXXXII.MISC.$d00318601 959 $aBK 969 $aECO 979 $aCHIARA$b90$c20130123$lUSA01$h1406 979 $aCHIARA$b90$c20130123$lUSA01$h1421 996 $aFamiglia e il fisco$91080428 997 $aUNISA LEADER 02554oam 2200589 a 450 001 9910695034903321 005 20060509134707.0 035 $a(CKB)5470000002366373 035 $a(OCoLC)61745520 035 $a(EXLCZ)995470000002366373 100 $a20050919d2005 ua 0 101 0 $aeng 135 $aurmn|---||||| 181 $ctxt$2rdacontent 182 $cc$2rdamedia 183 $acr$2rdacarrier 200 00$aEnvironmental health needs & habitability assessment$b[electronic resource] $eHurricane Katrina response : initial assessment /$fJoint Taskforce, Centers for Disease Control and Prevention & U.S. Environmental Protection Agency 210 1$a[Atlanta, Ga.] :$cCenters for Disease Control and Prevention & U.S. Environmental Protection Agency,$d[2005] 215 $aviii, 28 pages $cdigital, PDF file 300 $aTitle from PDF t.p. (viewed on Sept. 19, 2005). 300 $a"September 17, 2005." 330 3 $aThis report provides an initial assessment of the overarching environmental health and infrastructure issues faced by New Orleans to reinhabit the city. It was prepared by a joint taskforce of the Centers for Disease Control and Prevention (CDC) in the Department of Health and Human Services (DHHS) and the U.S. Environmental Protection Agency (EPA). 517 $aEnvironmental health needs & habitability assessment 606 $aEnvironmental health$zLouisiana$zNew Orleans 606 $aPollution$zLouisiana$zNew Orleans 606 $aHurricane Katrina, 2005$xEnvironmental aspects$zLouisiana$zNew Orleans 606 $aEnvironmental Health 606 $aDisaster Planning 606 $aEnvironmental Pollution 606 $aNatural Disasters 606 $aNeeds Assessment 606 $aWaste Management 607 $aLouisiana 615 0$aEnvironmental health 615 0$aPollution 615 0$aHurricane Katrina, 2005$xEnvironmental aspects 615 12$aEnvironmental Health. 615 22$aDisaster Planning. 615 22$aEnvironmental Pollution. 615 22$aNatural Disasters. 615 22$aNeeds Assessment. 615 22$aWaste Management. 712 02$aCenters for Disease Control and Prevention (U.S.) 712 02$aUnited States.$bEnvironmental Protection Agency. 712 02$aEnvironmental Health Needs Assessment and Habitability Taskforce. 801 0$bNLM 801 1$bNLM 801 2$bGPO 906 $aBOOK 912 $a9910695034903321 996 $aEnvironmental health needs & habitability assessment$93426094 997 $aUNINA